000 02206nab a2200241 i 4500
003 BR-BrBNA
005 20250402083142.0
008 250402b2016 bl.qr|pooa||| 00| 0 por |
040 _aBR-BrBNA
_bpor
072 _aF70
100 _aAraújo, Inara Montini
100 _aRomero, Rosana
245 _aA tribo Miconieae (Melastomataceae) no Parque Estadual do Biribiri, Diamantina, Minas Gerais, Brasil
500 _aPublicação on-line; 40 ref.; 2 illus.; Summaries (En, Pt)
520 _a Resumo A tribo Miconieae no Parque Estadual do Biribiri está representada por 23 espécies e cinco gêneros. Miconia é o gênero mais numeroso, com 14 espécies, seguido de Leandra com quatro, Clidemia com três e Tococa e Ossaea comuma espécie cada. As espécies ocorrem na maioria das fitofisionomias do parque, com um maior número de espécies nas formações florestais. Chave de identificação para as espécies, descrições e dados de distribuição geográfica são fornecidos, assim como ilustrações dos táxons pouco representados na literatura. Palavras-chave: Clidemia, Leandra, Miconia, Ossaea, Serra do Espinhaço, Tococa. Abstract The Miconieae tribe is represented by 23 species and five genera in the Parque Estadual do Biribiri. Miconia is the largest genus, with 14 species, followed by Leandra with four, Clidemia with three, Tococa and Ossaea withone species each. Species occur in almost vegetation types in the park, with a larger number of species occurring in forests. Identification key for the species, descriptions, and geographic distribution data are provided, as well as illustrations for the taxon poorly illustrated in the literature. Key words: Clidemia, Leandra, Miconia, Ossaea, Espinhaço Range, Tococa.
650 _aMELASTOMATACEAE
650 _aTAXONOMIA
650 _aSERRA DO ESPINHAÇO
773 0 _0709
_9349653
_dRio de Janeiro-RJ Jardim Botanico do Rio de Janeiro 1935
_o2025-2173
_tRodriguésia (Brazil)
_x0370-6583; 2175-7860 on-line
_gv. 67(4) p. 953-970; (2016)
_wBR2025000224
856 _uhttps://www.scielo.br/j/rod/a/YMw4FqLKHmhZMjPZrNv48qL/?format=pdf&lang=pt
942 _cANA
999 _c330797
_d330797